MARC

LEADER 00000nam0a2200000 4500
001 312938
005 20231102002532.0
035 |a (RuTPU)RU\TPU\book\338308 
090 |a 312938 
100 |a 20151231d1981 k y0rusy50 ca 
101 0 |a rus 
102 |a RU 
105 |a y z 001zy 
200 1 |a Прочность и надежность строительных конструкций  |e межвузовский сборник  |f Краснодарский политехнический институт ; под ред. К. А. Дарагана 
210 |a Краснодар  |c Изд-во КрПИ  |d 1981 
215 |a 138 с. 
320 |a Библиогр. в конце ст. 
606 1 |a Строительные конструкции  |x Строительная механика  |2 stltpush  |3 (RuTPU)RU\TPU\subj\57340  |9 75202 
610 1 |a надежность 
610 1 |a прочность 
610 1 |a нормирование 
610 1 |a усадочность 
610 1 |a ползучесть 
610 1 |a мелкозернистые бетоны 
610 1 |a армоцементные конструкции 
610 1 |a испытание 
610 1 |a аварийность 
610 1 |a трещины 
610 1 |a устойчивость 
610 1 |a прогибы 
610 1 |a воздухонагреватели 
610 1 |a кожухи 
610 1 |a защитные стены 
610 1 |a температурные поля 
610 1 |a деформации 
610 1 |a пластическая деформация 
610 1 |a силикатобетон 
610 1 |a стержневые системы 
675 |a 624.01  |v 4 
702 1 |a Дараган  |b К. А.  |4 340 
712 0 2 |a Краснодарский политехнический институт  |c (1963-1993)  |2 stltpush  |3 (RuTPU)RU\TPU\col\5805  |9 24128 
801 1 |a RU  |b 63413507  |c 20151231 
801 2 |a RU  |b 63413507  |c 20161024  |g RCR 
942 |c BK